Songs by Letter - T - Statistics

General Stats
  • This quiz has been taken 102 times
  • The average score is 10 of 18
Answer Stats
Song Artist % Correct
Thriller Michael Jackson
98%
Take On Me A-ha
92%
Take Me Home, Country Roads John Denver
71%
Take A Chance On Me ABBA
70%
Tainted Love Soft Cell
70%
These Boots Are Made for Walkin’ Nancy Sinatra
63%
Tutti Frutti Little Richard
62%
Take My Breath Away Berlin
61%
Tubthumping Chumbawamba
61%
The Twist Chubby Checker
59%
Thrift Shop Macklemore & Ryan Lewis feat. Wanz
52%
This Is America Childish Gambino
48%
Truly Madly Deeply Savage Garden
43%
The Trooper Iron Maiden
37%
The Flame Cheap Trick
26%
To Be With You Mr. Big
22%
The Ketchup Song (Aserejé) Las Ketchup
18%
Tripping Robbie Williams
5%
No matching quizzes found
Score Distribution
Percent of People with Each Score
Percentile by Number Answered
Your Score History
You have not taken this quiz